00805cam a2200205 a 450000100100000000500170001000800410002702000150006804000470008308200170013010000290014724501150017626000290029130000280032049000360034850400960038460000350048070000460051583000380056100001141120200929162438.0091016s1979 sp 001 0 spa d a8424935225 aDO-SdBNPbspacBNPHUdCatalogación noche a921.9bA644v1 aFilóstrato.d175?-294?10aVida de apolonio de tiana /cFilóstrato ; introducción, traducción y notas de Alberto Bernabé Pajares. aMadrid :bGredos,c1979. a534 p. :bil. ;c18 cm.1 aBiblioteca Clásica Gredosv18 aIncluye índice general e índice de nombres p.(521-534) y notas al pie de las páginas.14aAPOLONIO DE TIANAxBIOGRAFÍA1 aPajares, Alberto Bernabé,etr.eintrod. 0aBiblioteca Clásica Gredos ;v18